000 00407pab a2200145 454500
008 180718b2005 xxu||||| |||| 00| 0 eng d
100 _aKaarsholm, Preben
245 _aMoral panic and cultural mobilizations: responses to transition, crime and HIV/AIDS in KwaZulu-Natal
260 _c2005
300 _ap.133-56.
362 _aJan
650 _aAIDS
773 _aDevelopment and Change
909 _a66172
999 _c66172
_d66172